000 01127cam a2200313 4500
001 4233
003 BD-RjUL
005 20211208233846.0
008 160803s1972 enk 001 0 eng
020 _a0406640548
_a0406640556 (pbk)
035 _a(BD-RjUL)4268
040 _aDLC
_cDLC
_dDLC
_dBD-RjUL
_beng
041 _aeng
082 0 0 _a343.420968
_219
_bIVP 1972
100 1 _aIvamy, E. R. Hardy
_913417
245 0 0 _aPayne and Ivamy's carriage of goods by sea /
_c E. R. Hardy Ivamy.
250 _a9th ed.
260 _aLondon :
_bButterworths,
_c1972.
300 _axlviii, 280 p. ;
_c22 cm.
500 _aFirst ed. published in 1914 under title: An outline of the law relating to carriage of goods by sea.
650 0 _aMaritime law
_zGreat Britain.
_913418
650 0 _aBills of lading
_zGreat Britain.
_913419
700 1 _aIvamy, E. R. Hardy
_q(Edward Richard Hardy)
_913420
710 1 _aGreat Britain.
_kLaws, statutes, etc.
_97580
740 _aCarriage of goods by sea.
942 _2ddc
_cBK
999 _c4233
_d4233